Illustrierte Flugblätter aus den Jahrhunderten der Reformation und der Glaubenskämpfe: 24. Juli - 31. Oktober 1983, Kunstsammlungen der Veste Coburg, Coburger Landesstiftung
Ausstellungskatalog
MARC
| LEADER | 00000cam a2200000 c 4500 | ||
|---|---|---|---|
| 001 | 027358909 | ||
| 003 | DE-627 | ||
| 005 | 20251219212350.0 | ||
| 007 | tu | ||
| 008 | 841005s1983 gw ||||| c 00| ||ger c | ||
| 015 | |a 83,B23,0008 |2 dnb | ||
| 016 | 7 | |a 831081570 |2 DE-101 | |
| 020 | |a 3874720535 |c kart. : DM 20.00 |9 3-87472-053-5 | ||
| 035 | |a (DE-627)027358909 | ||
| 035 | |a (DE-576)9027358907 | ||
| 035 | |a (DE-599)GBV027358909 | ||
| 035 | |a (OCoLC)10603898 | ||
| 040 | |a DE-627 |b ger |c DE-627 |e rakwb | ||
| 041 | |a ger | ||
| 044 | |c XA-DE | ||
| 050 | 0 | |a NE651 | |
| 082 | 0 | |a 769.4994303 | |
| 084 | |a ALLG 1070 |2 sfb | ||
| 084 | |a GESCH 377 (88) |2 sfb | ||
| 084 | |a 06 |a 63 |a 46 |a 12 |a 02 |2 sdnb | ||
| 084 | |a 1 |2 ssgn | ||
| 084 | |a 21.32 |2 bkl | ||
| 245 | 0 | 0 | |a Illustrierte Flugblätter aus den Jahrhunderten der Reformation und der Glaubenskämpfe |b 24. Juli - 31. Oktober 1983, Kunstsammlungen der Veste Coburg, Coburger Landesstiftung |c hrsg. von Wolfgang Harms. Bearb. von Beate Rattay |
| 246 | 3 | 0 | |a Flugblaetter Glaubenskaempfe 24.07.1983 - 31.10.1983 Oktober vierundzwanzigster siebenter einunddreißigster zehnter neunzehnhundertdreiundachtzig |
| 246 | 3 | 3 | |a Illustrierte Flugblätter |
| 264 | 1 | |a Coburg |b Kunstsammlungen der Veste Coburg |c 1983 | |
| 300 | |a XI, 330 S. |b zahlr. Ill. |c 20 x 21 cm | ||
| 336 | |a Text |b txt |2 rdacontent | ||
| 337 | |a ohne Hilfsmittel zu benutzen |b n |2 rdamedia | ||
| 338 | |a Band |b nc |2 rdacarrier | ||
| 490 | 1 | |a Veröffentlichungen der Kunstsammlungen der Veste Coburg |v 40 | |
| 490 | 0 | |a Kataloge der Kunstsammlungen der Veste Coburg | |
| 500 | |a Literaturverzeichnis S. 313 -316 | ||
| 520 | |a Ausstellungskatalog | ||
| 583 | 1 | |a Massenentsäuert |c 2020 |k DE-18 |2 pdager |5 DE-18-161 | |
| 583 | 1 | |a Massenentsäuert |c 2022 |k DE-18 |2 pdager |5 DE-H13 | |
| 601 | |a Illustrierte | ||
| 601 | |a Kunstsammler | ||
| 610 | 1 | 0 | |a Kunstsammlungen der Veste Coburg |v Exhibitions |
| 650 | 0 | |a Prints, German |y 16th century |v Exhibitions | |
| 650 | 0 | |a Prints, German |y 17th century |v Exhibitions | |
| 650 | 0 | |a Broadsides |z Germany |v Exhibitions | |
| 650 | 0 | |a Reformation in art |v Exhibitions | |
| 650 | 0 | |a Peasants' War, 1524-1525 |x Art and the war |v Exhibitions | |
| 655 | 7 | |a Ausstellungskatalog |0 (DE-588)4135467-9 |0 (DE-627)10566491X |0 (DE-576)209660988 |2 gnd-content | |
| 655 | 7 | |a Katalog |0 (DE-588)4163417-2 |0 (DE-627)105454966 |0 (DE-576)209880899 |2 gnd-content | |
| 689 | 0 | 0 | |d s |0 (DE-588)4177345-7 |0 (DE-627)105349291 |0 (DE-576)209976985 |2 gnd |a Reformation |g Motiv |
| 689 | 0 | 1 | |d s |0 (DE-588)4004773-8 |0 (DE-627)10638421X |0 (DE-576)208857818 |2 gnd |a Bauernkrieg |g 1525, Motiv |
| 689 | 0 | 2 | |d s |0 (DE-588)4071280-1 |0 (DE-627)106098284 |0 (DE-576)209183268 |2 gnd |a Flugblatt |
| 689 | 0 | 3 | |d b |0 (DE-588)1008948-2 |0 (DE-627)103137017 |0 (DE-576)191180491 |2 gnd |a Kunstsammlungen der Veste Coburg |
| 689 | 0 | |5 (DE-627) | |
| 700 | 1 | |0 (DE-588)120372177 |0 (DE-627)080633706 |0 (DE-576)257423788 |4 oth |a Harms, Wolfgang |d 1936-2021 | |
| 700 | 1 | |0 (DE-588)172325889 |0 (DE-627)697233642 |0 (DE-576)133192105 |4 oth |a Rattay, Beate |d 1953- | |
| 710 | 2 | |0 (DE-588)1008948-2 |0 (DE-627)103137017 |0 (DE-576)191180491 |4 oth |a Kunstsammlungen der Veste Coburg | |
| 710 | 2 | |0 (DE-588)2006747-1 |0 (DE-627)101564694 |0 (DE-576)191620874 |4 oth |a Coburger Landesstiftung | |
| 810 | 2 | |a Kunstsammlungen der Veste Coburg |t Veröffentlichungen der Kunstsammlungen der Veste Coburg seit 1960 |v 40 |9 4000 |w (DE-627)605101213 |w (DE-576)442600380 |w (DE-600)2506417-4 |7 am | |
| 889 | |w (DE-627)075724480 | ||
| 935 | |a RFBW |a mteo | ||
| 936 | b | k | |a 21.32 |j Geschichte der Graphik |0 (DE-627)106405756 |
| 951 | |a BO | ||
| ELC | |b 1 | ||
| LOK | |0 000 xxxxxcx a22 zn 4500 | ||
| LOK | |0 001 4522701926 | ||
| LOK | |0 003 DE-627 | ||
| LOK | |0 004 027358909 | ||
| LOK | |0 005 20240624111113 | ||
| LOK | |0 008 240514||||||||||||||||ger||||||| | ||
| LOK | |0 040 |a DE-Tue135 |c DE-627 |d DE-Tue135 | ||
| LOK | |0 092 |o n | ||
| LOK | |0 852 |a DE-Tue135 | ||
| LOK | |0 852 1 |9 00 | ||
| LOK | |0 866 |x SPQUE#Reformationsgeschichtliche Forschungsbibliothek Wittenberg#SPSAM#Lutherhaus#SPUSM#Arbeitsbibliothek Helmar Junghans | ||
| LOK | |0 866 |x SPQUE#Reformationsgeschichtliche Forschungsbibliothek Wittenberg#SPSAM#Lutherhaus#SPUSM#Neubestand | ||
| LOK | |0 935 |a RFBW |a lglu |a lghj |a lgnb | ||
| LOK | |0 939 |a 14-05-24 |b l01 | ||
| ORI | |a SA-MARC-ixtheoa001.raw | ||
| REL | |a 1 | ||
| STA | 0 | 0 | |a Pamphlet |
| STB | 0 | 0 | |a Tract,Feuille volante,Feuille volante |
| STC | 0 | 0 | |a Panfleto |
| STD | 0 | 0 | |a Volantino,Foglio volante,Foglio volante |
| STF | 0 | 0 | |a 宣傳單張 |
| STG | 0 | 0 | |a Panfleto |
| STH | 0 | 0 | |a Листовка |
| STI | 0 | 0 | |a Φυλλάδιο |
| SUB | |a REL | ||
| SYB | 0 | 0 | |a Kunst Sammlungen der Veste Coburg,Kunstsammlungen Coburg,Coburger Landesstiftung,Kunstsammlungen der Veste Coburg,Kunstsammlungen Veste Coburg,Kunstsammlung,Kunstsammlung der Veste Coburg |
| SYG | 0 | 0 | |a Réforme (histoire religieuse),Reformation , Bauernkrieg,Deutscher Bauernkrieg , Flugblattpropaganda,Flugblätter , Kunst Sammlungen der Veste Coburg,Kunstsammlungen Coburg,Coburger Landesstiftung,Kunstsammlungen der Veste Coburg,Kunstsammlungen Veste Coburg,Kunstsammlung,Kunstsammlung der Veste Coburg |



